书目信息 |
| 题名: |
混凝土结构
|
|
| 作者: | 叶列平 编著 | |
| 分册: | 上册 | |
| 出版信息: | 北京 中国建筑工业出版社 2014 |
|
| 页数: | 11,451页 | |
| 开本: | 23cm | |
| 丛书名: | ||
| 单 册: | ||
| 中图分类: | TU37 | |
| 科图分类: | ||
| 主题词: | 混凝土结构 , 混凝土结构--高等教育--教材 | |
| 电子资源: | ||
| ISBN: | 978-7-112-16640-4 | |
| 000 | 01125nam0 2200277 450 | |
| 001 | 142680 | |
| 005 | 20170220162916.05 | |
| 010 | @a978-7-112-16640-4@dCNY 58.00(含光盘) | |
| 010 | @a978-7-89475-398-4 | |
| 100 | @a20141017d2014 em y0chiy50 ea | |
| 101 | 0 | @achi |
| 102 | @aCN@b110000 | |
| 105 | @aa z 000yy | |
| 200 | 1 | @a混凝土结构@9hun ning tu jie gou@h上册@b专著@f叶列平编著 |
| 205 | @a2版 | |
| 210 | @a北京@c中国建筑工业出版社@d2014 | |
| 215 | @a11,451页@c图@d23cm@e1光盘 | |
| 300 | @a普通高等教育土建学科专业“十二五”规划教材 清华大学985名优教材立项资助 | |
| 307 | @a附光盘:ISBN 978-7-89475-398-4 | |
| 330 | @a本书分为上、下两册。上册内容包括:绪论,钢筋和混凝土的材料性能,钢筋混凝土构件的基本受力性能,结构设计方法,受弯构件正截面和斜截面承载力计算、钢筋的锚固与布置,受压、受拉和受扭构件的承载力计算,正常使用阶段变形与裂缝验算及耐久性,预应力混凝土的原理及计算规定、受力性能分析和受弯构件的设计等。 | |
| 606 | 0 | @a混凝土结构 |
| 606 | 0 | @a混凝土结构@x高等教育@j教材 |
| 690 | @aTU37@v5 | |
| 701 | 0 | @a叶列平@9ye lie ping@f(1960 )@4编著 |
| 801 | 0 | @c20141223 |
| 905 | @a241430@dTU37@eY436:1=2 | |
| 混凝土结构.上册/叶列平编著.-2版.-北京:中国建筑工业出版社,2014 |
| 11,451页:图;23cm+1光盘 |
| 普通高等教育土建学科专业“十二五”规划教材 清华大学985名优教材立项资助 |
| ISBN 978-7-112-16640-4:CNY 58.00(含光盘) |
| 本书分为上、下两册。上册内容包括:绪论,钢筋和混凝土的材料性能,钢筋混凝土构件的基本受力性能,结构设计方法,受弯构件正截面和斜截面承载力计算、钢筋的锚固与布置,受压、受拉和受扭构件的承载力计算,正常使用阶段变形与裂缝验算及耐久性,预应力混凝土的原理及计算规定、受力性能分析和受弯构件的设计等。 |
| ● |
| 相关链接 |
|
|
|
正题名:混凝土结构
索取号:TU37/Y436:1=2
 
预约/预借
| 序号 | 登录号 | 条形码 | 馆藏地/架位号 | 状态 | 备注 |
| 1 | 1135582 | 211355825 | 建筑库101/101建筑库 85排4列2层/ [索取号:TU37/Y436:1=2] | 在馆 | |
| 2 | 1135583 | 211355834 | 建筑库101/101建筑库 85排4列2层/ [索取号:TU37/Y436:1=2] | 在馆 | |
| 3 | 1135584 | 211355843 | 建筑库101/101建筑库 85排4列2层/ [索取号:TU37/Y436:1=2] | 在馆 | |
| 4 | 1239254 | 212392542 | 土木与交通工程学院资料室/ [索取号:TU37/Y436:1=2] | 在馆 |